<?xml version="1.0" encoding="UTF-8"?>
<marc:record xmlns:marc="http://www.loc.gov/MARC21/slim">
   <marc:leader>00000nam a2200000 a 4500</marc:leader>
   <marc:datafield ind1="1" ind2=" " tag="100">
      <marc:subfield code="a">Brooke, Lauren</marc:subfield>
      <marc:subfield code="4">aut</marc:subfield>
      <marc:subfield code="e">Verfasser/-in</marc:subfield>
   </marc:datafield>
   <marc:datafield ind1="1" ind2=" " tag="100">
      <marc:subfield code="a">Margraf, Miriam Übers.</marc:subfield>
      <marc:subfield code="4">oth</marc:subfield>
      <marc:subfield code="e">Sonstiges</marc:subfield>
   </marc:datafield>
   <marc:datafield ind1="0" ind2="0" tag="245">
      <marc:subfield code="a">Rose Hill Bd. 13</marc:subfield>
   </marc:datafield>
   <marc:datafield ind1="0" ind2="0" tag="245">
      <marc:subfield code="b">Gemeinsam über jede Hürde</marc:subfield>
   </marc:datafield>
   <marc:datafield ind1="0" ind2="0" tag="245">
      <marc:subfield code="c">Brooke, Lauren</marc:subfield>
   </marc:datafield>
   <marc:datafield ind1=" " ind2="1" tag="264">
      <marc:subfield code="c">2011</marc:subfield>
   </marc:datafield>
   <marc:datafield ind1="1" ind2=" " tag="520">
      <marc:subfield code="a">Kurzbeschreibung&#xD;
Nichts kann Dana aufheitern: Ihre beste Freundin Honey ist weggezogen und die neue Schülerin auf Rose Hill scheint etwas zu verbergen. Wird ausgerechnet sie Honeys geliebte Stute Minnie reiten? &#xD;
Über den Autor&#xD;
Miriam Margraf wurde am 23. August 1964 in Halle (Saale) geboren. Nach Abschluss der 10. Klasse (Realschule) begann sie ein Schauspielstudium, das sie nach zwei Semestern wegen persönlicher und politischer Diskrepanzen wieder abbrach. &#xD;
Sie wirkte als Schauspielerin/Sprecherin bei Theater-, Film und Hörspielproduktionen mit und ist seit 1983 freischaffende Schriftstellerin. Im selben Jahr begann sie auch frei für verschiedene Medien aus Presse und Rundfunk als Musikkritikerin und Reporterin zu arbeiten.&#xD;
Inzwischen hat sich Miriam Margraf als Autorin und Übersetzerin zahlreicher Kinderbücher, verschiedener Hörspiele, Drehbücher (Krimis) und Erzählungen einen Namen gemacht.&#xD;
Die Autorin lebt mit ihren Kindern in Berlin.</marc:subfield>
   </marc:datafield>
   <marc:datafield ind1=" " ind2=" " tag="020">
      <marc:subfield code="a">9783473349104</marc:subfield>
      <marc:subfield code="9">9783473349104</marc:subfield>
   </marc:datafield>
   <marc:datafield ind1=" " ind2=" " tag="020">
      <marc:subfield code="a">3473349100</marc:subfield>
      <marc:subfield code="9">3473349100</marc:subfield>
   </marc:datafield>
   <marc:datafield ind1=" " ind2=" " tag="338">
      <marc:subfield code="a">Band</marc:subfield>
   </marc:datafield>
   <marc:datafield ind1=" " ind2=" " tag="300">
      <marc:subfield code="a">209 S.</marc:subfield>
   </marc:datafield>
</marc:record>
